00911cam a22002531 4500001001300000003000400013005001700017008004100034010001700075035001900092040002400111042001200135050002400147110002800171245020800199260002000407300002500427500001700452500006200469650003900531650004000570700003000610999001700640gs 50000060 DLC20260227111356.0761113s1949 txu 000 0 eng  ags 50000060  a(OCoLC)2556773 aDLCcTxdOCoLCdDLC apremarc00aGB1025.T4bA5 1949b2 aTexas Water Commission.10aGround-water resources of Borden County, Texas,cby W. C. Ellis. Prepared in cooperation between the Geological Survey, United States Dept. of the Interior, and the Texas State Board of Water Engineers. a[Austin?]c1949 a26 l.bmaps.c28 cm. aCover title. aU.S. Geological survey. Library, for Library of Congress. 0aGroundwaterzTexaszBorden County. 0aWater-supplyzTexaszBorden County.1 aEllis, William C.,d1925- c28440d28440